Statistics for Qatar Country Quiz

Click here to take the quiz!

General Stats

  • This quiz has been taken 24,279 times
    (24,191 since last reset)
  • The average score is 14 of 20

Answer Stats

HintAnswer% Correct
Official languageArabic
97%
The only bordering countrySaudi Arabia
97%
Primary exportOil / Natural gas
94%
2022 event hosted by QatarFIFA World Cup
93%
Capital cityDoha
91%
Gulf on which Qatar liesPersian Gulf
91%
Country from which Qatar became
independent in 1971
United Kingdom
86%
Country with a similar flag:
Bahrain
84%
0% of Qatar's land is covered with
_____, the only country in the world
over 1000 sq. km where this is true
Forest
78%
Name one of the two countries with
a higher per-capita GDP than Qatar
Monaco |
Liechtenstein
77%
More than twice as many residents
were born in this country as were
born in Qatar itself
India
75%
System of law, starting with "S",
which forms the basis of Qatar's laws
Sharia
75%
Qataris have the world's highest
per-capita emissions of this
Carbon Dioxide
72%
Major news broadcasterAl Jazeera
65%
Title of the Qatari rulerEmir
63%
Prior to the 1920s, the economy of Qatar
revolved around these aquatic treasures
Pearls
59%
Penalty for alcohol consumption
by a Muslim
Lashes
45%
Currency of QatarQatari Riyal
41%
The national animal, the Arabian Oryx,
is a type of ...
Antelope
38%
Traditional sailing vessel whose
name starts with "D"
Dhow
22%

Score Distribution

Percentile by Number Answered

Percent of People with Each Score

Your Score History

You have not taken this quiz since the last reset